Microsoft Office XP. / (Record no. 1078)

MARC details
000 -LEADER
fixed length control field 01264nam a22001817a 4500
008 - FIXED-LENGTH DATA ELEMENTS--GENERAL INFORMATION
fixed length control field 120605t xxu||||| |||| 00| 0 eng d
020 ## - INTERNATIONAL STANDARD BOOK NUMBER
International Standard Book Number 0072472472 9780072472479
050 ## - LIBRARY OF CONGRESS CALL NUMBER
Classification number HF5548.4.M525.O4551
100 ## - MAIN ENTRY--PERSONAL NAME
Personal name O'Leary, Timothy J.
245 ## - TITLE STATEMENT
Title Microsoft Office XP. /
Statement of responsibility, etc. Timothy J. O'Leary and Linda O'Leary
260 ## - PUBLICATION, DISTRIBUTION, ETC.
Place of publication, distribution, etc. New York, NY :
Name of publisher, distributor, etc. McGraw-Hill/Irwin,
Date of publication, distribution, etc. 2002-
300 ## - PHYSICAL DESCRIPTION
Extent v. <1-2> : col.
Other physical details ill. ;
Dimensions 28 cm.
505 ## - FORMATTED CONTENTS NOTE
Formatted contents note Contents: Creating a newsletter -- Creating a complex tables and merging documents -- Creating a web site -- Using solver, creating templates and evaluating scenaries -- Using data tables, creating macros and designing onscreen forms -- Creating and using lists and web pages -- Working with multiple tables -- Creating custom forms -- Creating custom reports, macros, and switchboards -- Using advaanced presentation -- Creating a presentation for a kiosk and the web -- Working together 2: Linking and document collaboration -- Working together 2: retrieving a workbook and importing access data -- Exporting and creating data access pages -- Reviewing embedding, and broadcasting a presentation
650 ## - SUBJECT ADDED ENTRY--TOPICAL TERM
Topical term or geographic name entry element Microsoft Office.
650 ## - SUBJECT ADDED ENTRY--TOPICAL TERM
Topical term or geographic name entry element Business
General subdivision Computer programs.
700 ## - ADDED ENTRY--PERSONAL NAME
Personal name O'Leary, Linda .I
942 ## - ADDED ENTRY ELEMENTS (KOHA)
Source of classification or shelving scheme Library of Congress Classification
Koha item type Books
Holdings
Withdrawn status Lost status Source of classification or shelving scheme Damaged status Not for loan Home library Current library Shelving location Date acquired Total Checkouts Full call number Barcode Date last seen Copy number Price effective from Koha item type
    Library of Congress Classification     WISCONSIN INTERNATIONAL UNIVERSITY COLLEGE, GHANA - MAIN LIBRARY WISCONSIN INTERNATIONAL UNIVERSITY COLLEGE, GHANA - MAIN LIBRARY General Stacks 05/06/2012   HF5548.4.M525.O455 2498/12 05/06/2012 1 05/06/2012 Books
    Library of Congress Classification     WISCONSIN INTERNATIONAL UNIVERSITY COLLEGE, GHANA - MAIN LIBRARY WISCONSIN INTERNATIONAL UNIVERSITY COLLEGE, GHANA - MAIN LIBRARY General Stacks 05/06/2012   HF5548.4.M525.O4551 2499/12 05/06/2012 2 05/06/2012 Books
    Library of Congress Classification     WISCONSIN INTERNATIONAL UNIVERSITY COLLEGE, GHANA - MAIN LIBRARY WISCONSIN INTERNATIONAL UNIVERSITY COLLEGE, GHANA - MAIN LIBRARY General Stacks 05/06/2012   HF5548.4.M525.04553 2501/12 05/06/2012 4 14/04/2021 Books
    Library of Congress Classification     WISCONSIN INTERNATIONAL UNIVERSITY COLLEGE, GHANA - MAIN LIBRARY WISCONSIN INTERNATIONAL UNIVERSITY COLLEGE, GHANA - MAIN LIBRARY General Stacks 06/06/2012   HF5548.4.M525.O4552 2500/12 06/06/2012 3 06/06/2012 Books

If you have any concerns or questions; kindly contact the library


© Powered by WIUC ICT DIRECTORATE